Kuna Cradle : (Record no. 18289)
[ view plain ]
| 000 -LEADER | |
|---|---|
| fixed length control field | 00508nam a22001697a 4500 |
| 005 - DATE AND TIME OF LATEST TRANSACTION | |
| control field | 20140310183015.0 |
| 008 - FIXED-LENGTH DATA ELEMENTS--GENERAL INFORMATION | |
| fixed length control field | 130212t xxu||||| |||| 00| 0 eng d |
| 020 ## - INTERNATIONAL STANDARD BOOK NUMBER | |
| International Standard Book Number | 9715131948 |
| 050 ## - LIBRARY OF CONGRESS CALL NUMBER | |
| Classification number | RG 951 |
| Item number | .Un61 2005 |
| 245 ## - TITLE STATEMENT | |
| Title | Kuna Cradle : |
| Statement of responsibility, etc | Untalan, Aaron "CY" Tuesca |
| Remainder of title | a maternal and child with pediatric nursing handbook. / |
| 260 ## - PUBLICATION, DISTRIBUTION, ETC. (IMPRINT) | |
| Place of publication, distribution, etc | Ermita, Manila : |
| Name of publisher, distributor, etc | Educational Publishing House, |
| Date of publication, distribution, etc | 2005. |
| 300 ## - PHYSICAL DESCRIPTION | |
| Extent | 555 p. : |
| Dimensions | 23 cm. |
| 521 ## - TARGET AUDIENCE NOTE | |
| Target audience note | |
| 562 ## - COPY AND VERSION IDENTIFICATION NOTE | |
| Number of copies | 3 |
| 942 ## - ADDED ENTRY ELEMENTS (KOHA) | |
| Source of classification or shelving scheme | Library of Congress Classification |
| Koha item type | Books |
| Call number prefix | Local |
| Withdrawn status | Lost status | Source of classification or shelving scheme | Damaged status | Home library | Current library | Shelving location | Date acquired | Total Checkouts | Full call number | Barcode | Date last seen | Copy number | Price effective from | Koha item type | Source of acquisition |
|---|---|---|---|---|---|---|---|---|---|---|---|---|---|---|---|
| Library of Congress Classification | Archives | Archives | 12/16/2013 | RG 951 .Un61 2005 | C6434 | 05/15/2018 | 3 | 12/16/2013 | Books | Donation | |||||
| Library of Congress Classification | College Library | College Library | General Circulation Section | 02/12/2013 | RG 951 .Un61 2005 | C6435 | 05/15/2018 | 1 | 02/12/2013 | Books | |||||
| Library of Congress Classification | College Library | College Library | General Circulation Section | 12/16/2013 | RG 951 .Un61 2005 | C11213 | 05/15/2018 | 2 | 12/16/2013 | Books |